[Event "Open Oberwart  2001"]
[Site "Oberwart (Burgenland/Austria)"]
[Date "2001.07.10"]
[Round "4"]
[White "Palac, Mladen"]
[Black "Krivoshey, Sergei"]
[Result "1/2-1/2"]
[WhiteElo "2578"]
[BlackElo "2449"]
[PlyCount "49"]
[EventDate "2001.07.10"]

1. e4 c5 2. Nf3 g6 3. d4 cxd4 4. Nxd4 Nc6 5. c4 Nf6 6. Nc3 d6 7. Be2 Nxd4 8.
Qxd4 Bg7 9. Be3 O-O 10. Qd2 Be6 11. f3 Qa5 12. Rc1 Rfc8 13. b3 a6 14. Na4 Qxd2+
15. Kxd2 Nd7 16. g4 f5 17. exf5 gxf5 18. h3 Rf8 19. f4 Rad8 20. Nc3 d5 21. gxf5
Rxf5 22. cxd5 Nf6 23. Rhg1 Nxd5 24. Nxd5 Rfxd5+ 25. Ke1 {.} 1/2-1/2

[Event "Open Oberwart  2001"]
[Site "Oberwart (Burgenland/Austria)"]
[Date "2001.07.10"]
[Round "4"]
[White "Burmakin, Vladimir"]
[Black "Zimmerman, Yuri"]
[Result "1/2-1/2"]
[WhiteElo "2593"]
[BlackElo "2346"]
[PlyCount "80"]
[EventDate "2001.07.10"]

1. d4 Nf6 2. Nf3 g6 3. Bf4 Bg7 4. e3 O-O 5. Be2 d6 6. c3 Nbd7 7. h3 Qe8 8. Nbd2
e5 9. dxe5 dxe5 10. Bh2 Qe7 11. O-O b6 12. Nc4 Rd8 13. Qc2 Ne8 14. Qe4 Ba6 15.
Qc2 Bb7 16. Rfd1 e4 17. Nd4 Ne5 18. Nxe5 Bxe5 19. Bxe5 Qxe5 20. Rd2 c5 21. Nb5
a6 22. Na3 b5 23. Rad1 Qe7 24. Nb1 Nc7 25. a3 Ne6 26. c4 b4 27. Rxd8+ Rxd8 28.
Nd2 Bc6 29. axb4 cxb4 30. Nxe4 Rxd1+ 31. Bxd1 a5 32. b3 a4 33. bxa4 b3 34. Qd3
Bxe4 35. Qxe4 Qb4 36. Kh2 Nc5 37. Qe8+ Kg7 38. Qe5+ Kg8 39. Qe8+ Kg7 40. Qe5+
40... Kg8 {.} 1/2-1/2

[Event "Open Oberwart  2001"]
[Site "Oberwart (Burgenland/Austria)"]
[Date "2001.07.10"]
[Round "4"]
[White "Ulibin, Mikhail"]
[Black "Wallner, Joachim"]
[Result "1-0"]
[WhiteElo "2583"]
[BlackElo "2369"]
[PlyCount "59"]
[EventDate "2001.07.10"]

1. e4 c5 2. Nf3 e6 3. d4 cxd4 4. Nxd4 Qb6 5. Nb3 Qc7 6. Nc3 a6 7. Bd3 b5 8. O-O
Bb7 9. f4 Nf6 10. Qe2 b4 11. Nd1 d5 12. e5 Ne4 13. Nf2 Nxf2 14. Qxf2 Nd7 15.
Be3 Be7 16. c3 bxc3 17. Rac1 Rc8 18. Rxc3 Qb8 19. Rxc8+ Qxc8 20. Rc1 Qb8 21.
Qc2 g5 22. Na5 gxf4 23. Nxb7 Qxb7 24. Bd4 Qb4 25. Qf2 O-O 26. a3 Qa4 27. Qxf4
f5 28. exf6 { } 28... Nxf6 29. Qe5 Qd7 30. Rc7 1-0

[Event "Open Oberwart  2001"]
[Site "Oberwart (Burgenland/Austria)"]
[Date "2001.07.10"]
[Round "4"]
[White "Kovacs, Gabor"]
[Black "Ruck, Robert"]
[Result "1/2-1/2"]
[WhiteElo "2402"]
[BlackElo "2573"]
[PlyCount "40"]
[EventDate "2001.07.10"]

1. c4 e5 2. Nc3 Nf6 3. Nf3 Nc6 4. a3 d5 5. cxd5 Nxd5 6. Qc2 Nxc3 7. bxc3 Bd6 8.
g3 O-O 9. Bg2 Qe7 10. d3 Bd7 11. O-O Na5 12. Nd2 Bc6 13. Ne4 Qd7 14. Qa2 Kh8
15. a4 b6 16. Nxd6 cxd6 17. Bd5 Bxd5 18. Qxd5 Qc6 19. Qxc6 Nxc6 20. c4 20...
Rad8 {.} 1/2-1/2

[Event "Open Oberwart  2001"]
[Site "Oberwart (Burgenland/Austria)"]
[Date "2001.07.10"]
[Round "4"]
[White "Cvitan, Ognjen"]
[Black "Weiss, Christian"]
[Result "1/2-1/2"]
[WhiteElo "2555"]
[BlackElo "2403"]
[PlyCount "89"]
[EventDate "2001.07.10"]

1. c4 e5 2. g3 Nc6 3. Bg2 g6 4. Nc3 Bg7 5. d3 Nge7 6. Rb1 Nd4 7. e3 Ne6 8. Nge2
Nf5 9. O-O h5 10. h3 O-O 11. Kh2 d6 12. b3 Nh6 13. d4 h4 14. dxe5 hxg3+ 15.
fxg3 Bxe5 16. Nd5 Kg7 17. Bb2 Rh8 18. Qd2 Ng5 19. Ndf4 Ng4+ 20. Kg1 Bxb2 21.
Qxb2+ Ne5 22. h4 Nh7 23. c5 Nf6 24. Rbd1 Qe7 25. cxd6 cxd6 26. Qd4 Rd8 27. Nc3
Be6 28. Ne4 Nxe4 29. Bxe4 Rd7 30. Rd2 30... Rh8 { } 31. Rdf2 Kg8 32. Bd5 b6 33.
Bxe6 fxe6 34. Nd3 Rh5 35. Rf6 Rf5 36. R1xf5 exf5 37. Qd5+ Kh7 38. Re6 Qg7 39.
Nxe5 dxe5 40. Qxe5 Rd1+ 41. Kf2 Rd2+ 42. Kf3 Qxe5 43. Rxe5 Rxa2 44. Re7+ Kh6
45. Rc7 1/2-1/2

[Event "Open Oberwart  2001"]
[Site "Oberwart (Burgenland/Austria)"]
[Date "2001.07.10"]
[Round "4"]
[White "Mahdy, Khaled"]
[Black "Lalic, Bogdan"]
[Result "1/2-1/2"]
[WhiteElo "2348"]
[BlackElo "2528"]
[PlyCount "24"]
[EventDate "2001.07.10"]

1. e4 c5 2. Nf3 Nc6 3. Bb5 e6 4. Bxc6 bxc6 5. d3 Qc7 6. O-O e5 7. Nh4 Qd8 8.
Nf3 d6 9. c3 Nf6 10. Re1 Be7 11. d4 cxd4 12. cxd4 12... Qc7 {.} 1/2-1/2

[Event "Open Oberwart  2001"]
[Site "Oberwart (Burgenland/Austria)"]
[Date "2001.07.10"]
[Round "4"]
[White "Loginov, Valery"]
[Black "Wittmann, Walter"]
[Result "1-0"]
[WhiteElo "2507"]
[BlackElo "2352"]
[PlyCount "63"]
[EventDate "2001.07.10"]

1. Nf3 Nf6 2. g3 g6 3. c4 Bg7 4. d4 d5 5. cxd5 Nxd5 6. Bg2 Nb6 7. Nc3 Nc6 8. e3
O-O 9. O-O Re8 10. Nd2 e5 11. d5 Ne7 12. e4 c6 13. Nb3 cxd5 14. exd5 Nf5 15. a4
Nc4 16. Nc5 Ncd6 17. a5 Rb8 18. Qa4 h6 19. Bd2 Re7 20. N3e4 b6 21. axb6 axb6
22. Nxd6 Nxd6 23. Ne4 Nxe4 24. Qxe4 Rd7 25. Rfd1 Bb7 26. Bb4 Ra8 27. Rxa8 Qxa8
28. Bc3 Qa2 29. Qg4 Qb3 30. Rd2 Rxd5 31. Bxd5 Bxd5 32. Qd1 { } 1-0

[Event "Open Oberwart  2001"]
[Site "Oberwart (Burgenland/Austria)"]
[Date "2001.07.10"]
[Round "4"]
[White "Steiner, Bruno"]
[Black "Rogulj, Branko"]
[Result "0-1"]
[WhiteElo "2206"]
[BlackElo "2460"]
[PlyCount "110"]
[EventDate "2001.07.10"]

1. e4 Nf6 2. e5 Nd5 3. d4 d6 4. Nf3 Nb6 5. Be2 g6 6. O-O Bg7 7. exd6 cxd6 8. h3
O-O 9. a4 Bf5 10. Nc3 d5 11. Ne5 f6 12. Ng4 Kh8 13. Ne3 Be6 14. a5 Nc8 15. Bf3
Nc6 16. Nexd5 Nxa5 17. Nf4 Bf7 18. Ne4 Nc6 19. d5 Ne5 20. Be2 Qc7 21. c3 Rd8
22. Qb3 Bh6 23. Ne6 Bxe6 24. dxe6 Bxc1 25. Raxc1 Nd6 26. Nxd6 Rxd6 27. Rcd1
Rad8 28. Rxd6 Rxd6 29. f4 Nc6 30. Kh1 Kg7 31. Qc4 Qb6 32. b4 Qe3 33. f5 a6 34.
b5 axb5 35. Qxb5 gxf5 36. Bf3 Qd3 37. Qxd3 Rxd3 38. Rb1 Nd8 39. c4 Rd6 40. Bd5
Kg6 41. g3 41... b6 { } 42. Kg2 Nxe6 43. Re1 Nc7 44. Rxe7 Nxd5 45. cxd5 Rxd5
46. Rb7 Rb5 47. Kf3 Rb1 48. Kf4 b5 49. Kf3 b4 50. Kg2 b3 51. Kh2 Rb2+ 52. Kg1
f4 53. gxf4 Kf5 54. Rb6 Ke4 55. Rxf6 Rc2 0-1

[Event "Open Oberwart  2001"]
[Site "Oberwart (Burgenland/Austria)"]
[Date "2001.07.10"]
[Round "4"]
[White "Fercec, Nenad"]
[Black "Zsinka, Laszlo"]
[Result "1/2-1/2"]
[WhiteElo "2456"]
[BlackElo "2348"]
[PlyCount "24"]
[EventDate "2001.07.10"]

1. e4 e5 2. Nf3 Nc6 3. d4 exd4 4. Nxd4 Bc5 5. Be3 Qf6 6. c3 Nge7 7. Bc4 O-O 8.
O-O Bb6 9. Na3 Qg6 10. Nxc6 bxc6 11. Re1 d6 12. Bd3 12... Bg4 {.} 1/2-1/2

[Event "Open Oberwart  2001"]
[Site "Oberwart (Burgenland/Austria)"]
[Date "2001.07.10"]
[Round "4"]
[White "Jurkovic, Ante"]
[Black "Horvath, Peter"]
[Result "0-1"]
[WhiteElo "2308"]
[BlackElo "2441"]
[PlyCount "62"]
[EventDate "2001.07.10"]

1. e4 c5 2. Nf3 Nc6 3. d4 cxd4 4. Nxd4 Nf6 5. Nc3 e5 6. Ndb5 d6 7. Bg5 a6 8.
Na3 b5 9. Bxf6 gxf6 10. Nd5 Bg7 11. c3 f5 12. exf5 Bxf5 13. Nc2 Be6 14. g3 O-O
15. Bg2 a5 16. O-O f5 17. Nf4 exf4 18. Bxc6 fxg3 19. Nd4 gxh2+ 20. Kh1 Bc4 21.
Re1 Rc8 22. Bg2 Rc5 23. Ne6 Bxe6 24. Rxe6 Be5 25. a4 Kh8 26. Rh6 Qg5 27. Rh5
Qg6 28. Qf3 Rc4 29. axb5 Rg4 30. Qh3 Rg8 31. Rh6 31... Qg7 {.} 0-1

[Event "Open Oberwart  2001"]
[Site "Oberwart (Burgenland/Austria)"]
[Date "2001.07.10"]
[Round "4"]
[White "Balinov, Ilia"]
[Black "Winiwarter, Felix"]
[Result "1-0"]
[WhiteElo "2425"]
[BlackElo "2141"]
[PlyCount "89"]
[EventDate "2001.07.10"]

1. d4 Nf6 2. c4 c5 3. d5 e6 4. Nc3 exd5 5. cxd5 d6 6. Nf3 g6 7. Bf4 a6 8. e4
Bg7 9. Qa4+ Bd7 10. Qb3 Bc8 11. Qa4+ Bd7 12. Qc2 Bc8 13. a4 O-O 14. h3 Re8 15.
Be2 Qc7 16. Nd2 Nbd7 17. Nc4 Ne5 18. Bxe5 dxe5 19. a5 Bf8 20. O-O Bd7 21. Rfd1
Bd6 22. Ra3 Rad8 23. Rb3 Bc8 24. Rb6 Re7 25. Na4 Ne8 26. Bg4 Bxg4 27. hxg4 Rc8
28. Rd3 Qd8 29. Qd2 f6 30. Rdb3 Rcc7 31. Rf3 Rcd7 32. Nc3 Rf7 33. Qe3 Bf8 34.
Na4 { } 34... Nd6 35. Nxd6 Rxd6 36. Qxc5 Rc6 37. Qe3 Rc4 38. b3 Rd4 39. g5 f5
40. exf5 gxf5 41. g6 hxg6 42. Rxg6+ Rg7 43. Qh6 Qxd5 44. Rxf5 Qd8 45. Rxg7+ 1-0

[Event "Open Oberwart  2001"]
[Site "Oberwart (Burgenland/Austria)"]
[Date "2001.07.10"]
[Round "4"]
[White "Petrovic, Silvije"]
[Black "Golubovic, Boris"]
[Result "0-1"]
[WhiteElo "2175"]
[BlackElo "2465"]
[PlyCount "68"]
[EventDate "2001.07.10"]

1. e4 c5 2. Nf3 e6 3. d4 cxd4 4. Nxd4 a6 5. Nc3 Qc7 6. g3 Bb4 7. Nde2 Nf6 8.
Bg2 Be7 9. O-O Nc6 10. Nf4 O-O 11. g4 d6 12. g5 Nd7 13. Nd3 Re8 14. f4 Bf8 15.
Kh1 b5 16. Be3 Bb7 17. Ne2 Rac8 18. Ng3 g6 19. Qg4 Na5 20. Rf2 Nc4 21. Bc1 Bg7
22. Rb1 Qb6 23. Re2 b4 24. b3 Na3 25. Bxa3 bxa3 26. Rf1 a5 27. h4 Ba6 28. h5 a4
29. hxg6 29... hxg6 { } 30. e5 axb3 31. axb3 Rxc2 32. Rxc2 Bxd3 33. Rc6 Qb4 34.
Rxd6 Nxe5 0-1

[Event "Open Oberwart  2001"]
[Site "Oberwart (Burgenland/Austria)"]
[Date "2001.07.10"]
[Round "4"]
[White "Hager, Herbert"]
[Black "Dvoirys, Semen"]
[Result "0-1"]
[WhiteElo "2144"]
[BlackElo "2578"]
[PlyCount "72"]
[EventDate "2001.07.10"]

1. d4 Nf6 2. c4 g6 3. Nc3 d5 4. cxd5 Nxd5 5. e4 Nxc3 6. bxc3 Bg7 7. Nf3 c5 8.
Be3 O-O 9. Rb1 b6 10. Bc4 Bb7 11. Qd3 cxd4 12. cxd4 Nc6 13. O-O Na5 14. d5 Nxc4
15. Qxc4 Qd7 16. Rfc1 Rac8 17. Qb4 e6 18. d6 e5 19. h3 Rfd8 20. Nd2 Qxd6 21.
Rxc8 Bxc8 22. Qxd6 Rxd6 23. Rc1 Be6 24. Rc7 f5 25. f3 Rd7 26. Rc2 h6 27. Kf2
Kf7 28. h4 b5 29. Nb3 Bf8 30. Rc6 Bc4 31. Ra6 fxe4 32. Rxa7 Rxa7 33. Bxa7 Ke6
34. Bc5 Bxc5+ 35. Nxc5+ Kd5 36. Na6 36... Kd4 {Zeitueberschreitung!} 0-1

[Event "Open Oberwart  2001"]
[Site "Oberwart (Burgenland/Austria)"]
[Date "2001.07.10"]
[Round "4"]
[White "Kupreichik, Viktor"]
[Black "Huber, Wolfgang"]
[Result "1-0"]
[WhiteElo "2443"]
[BlackElo "2131"]
[PlyCount "65"]
[EventDate "2001.07.10"]

1. e4 c6 2. Nc3 d5 3. d4 dxe4 4. Nxe4 Bf5 5. Ng3 Bg6 6. Nf3 e6 7. h4 h6 8. Ne5
Bh7 9. Bd3 Bxd3 10. Qxd3 Nf6 11. Bd2 Bd6 12. f4 Qc7 13. O-O-O Na6 14. Ne4 Nxe4
15. Qxe4 f5 16. Qe3 Bxe5 17. dxe5 { } 17... h5 18. Qb3 Rh6 19. Be3 Kf7 20. Rd6
Re8 21. Rhd1 Re7 22. Bxa7 b5 23. Bf2 Nb8 24. Qa3 Rg6 25. Qf3 Rg4 26. g3 Qb7 27.
R1d3 Na6 28. Ra3 Nb8 29. Ra7 Qc8 30. Rxe7+ Kxe7 31. Qa3 Kf7 32. Qa7+ Kg8 33.
Qe7 1-0

[Event "Open Oberwart  2001"]
[Site "Oberwart (Burgenland/Austria)"]
[Date "2001.07.10"]
[Round "4"]
[White "Medvegy, Zoltan"]
[Black "Novkovic, Julia"]
[Result "1-0"]
[WhiteElo "2430"]
[BlackElo "2148"]
[PlyCount "45"]
[EventDate "2001.07.10"]

1. e4 e5 2. Nf3 Nc6 3. d4 exd4 4. Nxd4 Qh4 5. Nc3 Bb4 6. Be2 Qxe4 7. Ndb5 Bxc3+
8. bxc3 Kd8 9. O-O a6 10. Nd4 Nxd4 11. cxd4 Nf6 12. Bf3 Qf5 13. c4 d6 14. Ba3
g5 15. Rb1 Rb8 16. Bc6 Nd7 17. Ba4 b5 18. Bc2 Qe6 19. Re1 { } 19... Qxc4 20.
Bb3 Qc3 21. Qe2 Ne5 22. dxe5 Re8 23. Bb2 1-0

[Event "Open Oberwart  2001"]
[Site "Oberwart (Burgenland/Austria)"]
[Date "2001.07.10"]
[Round "4"]
[White "Foldi, Istvan"]
[Black "Freitag, Manfred"]
[Result "0-1"]
[WhiteElo "2341"]
[BlackElo "2384"]
[PlyCount "86"]
[EventDate "2001.07.10"]

1. e4 c5 2. Nf3 d6 3. d4 cxd4 4. Nxd4 Nf6 5. Nc3 a6 6. Be2 e5 7. Nb3 Be7 8. O-O
O-O 9. Kh1 b6 10. Be3 Bb7 11. f3 Nbd7 12. Rf2 b5 13. a3 Rc8 14. Qe1 d5 15. exd5
Nxd5 16. Nxd5 Bxd5 17. Rd1 Nf6 18. Bd3 Qc7 19. Bf5 Rcd8 20. Rfd2 h6 21. Qf2
Bxb3 22. cxb3 Rxd2 23. Rxd2 Rd8 24. Rxd8+ Qxd8 25. Qc2 Nd5 26. Bf2 b4 27. a4 a5
28. Bd3 Bg5 29. g3 Be3 30. Bc4 Bxf2 31. Qxf2 Nb6 32. Kg2 Qd6 33. Qe3 Kf8 34. f4
exf4 35. Qxf4 Qxf4 36. gxf4 Ke7 37. Kf3 Nxc4 38. bxc4 b3 39. f5 Kd6 40. Ke4
40... Kc5 { } 41. h4 g5 42. hxg5 hxg5 43. Ke5 Kxc4 0-1

[Event "Open Oberwart  2001"]
[Site "Oberwart (Burgenland/Austria)"]
[Date "2001.07.10"]
[Round "4"]
[White "Kiss, Attila"]
[Black "Herbst, Daniel"]
[Result "1/2-1/2"]
[WhiteElo "2361"]
[BlackElo "2118"]
[PlyCount "73"]
[EventDate "2001.07.10"]

1. d4 Nf6 2. Nf3 g6 3. c4 Bg7 4. g3 O-O 5. Bg2 d6 6. Nc3 Nc6 7. O-O Bf5 8. b3
Ne4 9. Bb2 Nxc3 10. Bxc3 Be4 11. Rc1 e5 12. d5 Bxf3 13. exf3 Nb8 14. b4 Nd7 15.
Re1 b6 16. Qd2 Re8 17. Bf1 Re7 18. Bd3 f5 19. Bc2 Qf8 20. Rb1 h5 21. Ba4 Rd8
22. Re2 h4 23. Rbe1 Nf6 24. Qc1 Bh6 25. Bd2 Rh7 26. Bc6 Qg7 27. Bxh6 Rxh6 28.
Qa3 Qh7 29. Qxa7 hxg3 30. fxg3 f4 31. gxf4 e4 32. Qa3 Rh3 33. Qb2 Qh4 34. fxe4
Rxh2 35. Rxh2 Qxe1+ 36. Kg2 Qxe4+ 37. Kg1 {.} 1/2-1/2

[Event "Open Oberwart  2001"]
[Site "Oberwart (Burgenland/Austria)"]
[Date "2001.07.10"]
[Round "4"]
[White "Mohsen, Khaled"]
[Black "Schwaninger, Wolfgang"]
[Result "1-0"]
[WhiteElo "2355"]
[BlackElo "2230"]
[PlyCount "93"]
[EventDate "2001.07.10"]

1. d4 Nf6 2. c4 d6 3. Nc3 g6 4. e4 Bg7 5. Nge2 c6 6. Ng3 O-O 7. Be2 Nbd7 8. O-O
e5 9. d5 Ne8 10. Qc2 a5 11. a3 Qh4 12. Rb1 Ndf6 13. f3 Bh6 14. Nh1 Bxc1 15.
Qxc1 Nh5 16. g3 Qe7 17. b4 f5 18. Nf2 Nef6 19. dxc6 bxc6 20. b5 { } 20... d5
21. cxd5 cxd5 22. Nxd5 Nxd5 23. Bc4 Nhf6 24. exd5 Qd6 25. Qe3 Re8 26. Nd3 e4
27. Qc5 Rd8 28. Qxd6 Rxd6 29. Nc5 Rb8 30. fxe4 Nxe4 31. Nxe4 fxe4 32. a4 Bg4
33. Rbc1 Rc8 34. Bb3 Rxc1 35. Rxc1 Bh3 36. Re1 Rf6 37. Bc4 Bf5 38. Kf2 Kf8 39.
Ke3 Ke7 40. Kd4 Kd6 41. b6 Rf8 42. Rb1 Rb8 43. Rb2 Bd7 44. b7 Bxa4 45. Ba6 Kc7
46. Kc5 Re8 47. b8=Q+ 1-0

[Event "Open Oberwart  2001"]
[Site "Oberwart (Burgenland/Austria)"]
[Date "2001.07.10"]
[Round "4"]
[White "Lakos, Nikoletta"]
[Black "Noordhoek, Henk P"]
[Result "0-1"]
[WhiteElo "2339"]
[BlackElo "2122"]
[PlyCount "104"]
[EventDate "2001.07.10"]

1. e4 Nf6 2. e5 Nd5 3. d4 d6 4. Nf3 Bg4 5. Be2 Nc6 6. O-O dxe5 7. Nxe5 Nxe5 8.
dxe5 Bf5 9. c4 Nb6 10. Nc3 c6 11. f4 h5 12. Be3 e6 13. Qe1 Qc7 14. Rd1 Nd7 15.
Qf2 Be7 16. Bd3 Bxd3 17. Rxd3 b6 18. Ne4 O-O-O 19. Rfd1 f6 20. Nd6+ Bxd6 21.
Rxd6 fxe5 22. Qf3 Kb7 23. Rxe6 Rhe8 24. Rxe8 Rxe8 25. Qxh5 Nf6 26. Qf5 exf4 27.
Bxf4 Qe7 28. Bg5 Qe2 29. Qd3 Kc8 30. Qxe2 Rxe2 31. Rd2 Re6 32. Bxf6 Rxf6 33. g3
Kc7 34. Rf2 Rd6 35. Rf7+ Kd8 36. Rxg7 Rd1+ 37. Kg2 Rd2+ 38. Kh3 Rxb2 39. Rxa7
Rc2 40. Ra6 Kc7 41. Ra4 Kd6 42. g4 Kc5 43. g5 Re2 44. Ra6 44... Re4 { } 45. Ra4
b5 46. Ra7 bxc4 47. g6 c3 48. g7 Re8 49. Rf7 Rg8 50. a4 Kb4 51. a5 c2 52. Rf1
Rxg7 0-1

[Event "Open Oberwart  2001"]
[Site "Oberwart (Burgenland/Austria)"]
[Date "2001.07.10"]
[Round "4"]
[White "Ruck, Tamas"]
[Black "Dueckstein, Andreas"]
[Result "0-1"]
[WhiteElo "2315"]
[BlackElo "2316"]
[PlyCount "58"]
[EventDate "2001.07.10"]

1. e4 e6 2. d4 d5 3. Nd2 a6 4. Ngf3 c5 5. exd5 exd5 6. c3 Nc6 7. dxc5 Bxc5 8.
Nb3 Bb6 9. Be2 Nge7 10. O-O O-O 11. Bg5 Bf5 12. Qd2 Qd7 13. Rad1 Rad8 14. Be3
Bxe3 15. Qxe3 Rfe8 16. Qc5 Ng6 17. Nbd4 Nf4 18. Rfe1 Bg4 19. Bf1 Nxd4 20. Qxd4
Bxf3 21. gxf3 Qf5 22. Re3 Re6 23. Rxe6 fxe6 24. c4 h6 25. b4 Rf8 26. Re1 Qg6+
27. Kh1 Rf5 28. h3 Qh5 29. cxd5 29... Nxh3 {.} 0-1

[Event "Open Oberwart  2001"]
[Site "Oberwart (Burgenland/Austria)"]
[Date "2001.07.10"]
[Round "4"]
[White "Vodep, Otto"]
[Black "Groetz, Harald"]
[Result "1-0"]
[WhiteElo "2121"]
[BlackElo "2305"]
[PlyCount "101"]
[EventDate "2001.07.10"]

1. d4 Nf6 2. Nf3 g6 3. Nc3 d5 4. Bf4 Bg7 5. e3 Bg4 6. Be2 O-O 7. Ne5 Bxe2 8.
Qxe2 c6 9. h4 Qb6 10. O-O-O Qa6 11. Qf3 Ne4 12. h5 Nxc3 13. bxc3 Bxe5 14. Bxe5
g5 15. Qg4 h6 16. Qf5 b5 17. f4 Qc8 18. Qd3 Nd7 19. Rdf1 Nxe5 20. dxe5 Qe6 21.
fxg5 Qxe5 22. gxh6 { } 22... Qe4 23. Qxe4 dxe4 24. Rf4 Kh7 25. Rxe4 e6 26. Rf1
Kxh6 27. Ref4 Kxh5 28. Rxf7 Rxf7 29. Rxf7 Kg5 30. Rc7 Kf6 31. Rxc6 Rg8 32. Ra6
Rxg2 33. Rxa7 Re2 34. Rb7 Rxe3 35. Rxb5 Rxc3 36. Kb2 Rc8 37. a4 e5 38. a5 Kf5
39. a6 Kf4 40. a7 Ra8 41. Rb7 Ke3 42. Kb3 e4 43. Kb4 Kd2 44. c4 e3 45. Rd7+ Kc2
46. Re7 Kd3 47. Kb5 e2 48. Kb6 Rg8 49. c5 Rg6+ 50. c6 Rg8 51. c7 1-0

[Event "Open Oberwart  2001"]
[Site "Oberwart (Burgenland/Austria)"]
[Date "2001.07.10"]
[Round "4"]
[White "Csonka, Attila"]
[Black "Seifert, Milan"]
[Result "1/2-1/2"]
[WhiteElo "2300"]
[BlackElo "2200"]
[PlyCount "179"]
[EventDate "2001.07.10"]

1. e4 g6 2. d4 Bg7 3. Nc3 d6 4. Be3 Nf6 5. f3 O-O 6. Qd2 e5 7. d5 c6 8. O-O-O
cxd5 9. Nxd5 Nxd5 10. Qxd5 Nc6 11. Qxd6 Qa5 12. a3 Be6 13. Qc5 Qxc5 14. Bxc5
Rfc8 15. Be3 Na5 16. Kb1 Nc4 17. Bxc4 Rxc4 18. Ne2 b5 19. Nc3 b4 20. axb4 Rxb4
21. Nd5 Rb7 22. Rd2 Rab8 23. c4 Bxd5 24. cxd5 Bf8 25. Rc1 Ba3 26. Rcc2 Bb4 27.
Re2 a5 28. Bc5 a4 29. Bxb4 Rxb4 30. Ka2 Rd4 31. Red2 Rbb4 32. Rc8+ Kg7 33. Rdc2
Kh6 34. Re8 f6 35. Re7 Rbc4 36. Rxc4 Rxc4 37. Kb1 g5 38. Re6 Kg6 39. Rc6 Rd4
40. Kc2 g4 41. Rc3 Kf7 42. Rd3 Rc4+ 43. Kd2 Rb4 44. Kc3 Rb3+ 45. Kc2 Rb4 46. d6
Ke8 47. d7+ Kd8 48. Rd6 gxf3 49. gxf3 Rb3 50. Rd3 Rb4 51. Kc1 h5 52. Rd6 Rb3
53. Rxf6 Kxd7 54. h4 Ke7 55. Rf5 Kd6 56. Kc2 Re3 57. Rxh5 Rxf3 58. Rh6+ Kc5 59.
Ra6 Kb4 60. Re6 Rh3 61. Rxe5 Rxh4 62. Re8 Kc4 63. Ra8 Rh2+ 64. Kb1 Kb4 65. Rb8+
Kc4 66. Ka2 Rh3 67. e5 Re3 68. Re8 Kb5 69. e6 Kb6 70. e7 Kb7 71. Kb1 Re2 72.
Kc1 Kc7 73. Ra8 Rxe7 74. Rxa4 Kb6 75. Rh4 Re2 76. Kb1 Kb5 77. Ka2 Re5 78. Ka3
Rg5 79. Rb4+ Ka5 80. Rb8 Rg3+ 81. b3 Rh3 82. Rd8 Rh5 83. b4+ Kb5 84. Rb8+ Ka6
85. Ka4 Ka7 86. Rf8 Rh1 87. Rf7+ Kb6 88. Rf6+ Kb7 89. Ka5 Rh7 90. b5 {.}
1/2-1/2

[Event "Open Oberwart  2001"]
[Site "Oberwart (Burgenland/Austria)"]
[Date "2001.07.10"]
[Round "4"]
[White "Wukits, Rene"]
[Black "Flury, Samuel"]
[Result "1-0"]
[WhiteElo "2269"]
[BlackElo "2109"]
[PlyCount "81"]
[EventDate "2001.07.10"]

1. d4 Nf6 2. c4 e6 3. Nc3 d5 4. Bg5 Be7 5. e3 h6 6. Bh4 O-O 7. Nf3 Nbd7 8. Rc1
c6 9. Qc2 Re8 10. a3 a5 11. Bd3 dxc4 12. Bxc4 Nd5 13. Bg3 Bf6 14. Ne4 Be7 15.
Ba2 f5 16. Ned2 N7f6 17. O-O Bd6 18. Bxd6 Qxd6 19. Rfe1 a4 20. Ne5 Bd7 21. Ndc4
Qc7 22. Nd3 Nb6 23. Nce5 Nfd5 24. g3 Re7 25. f3 Be8 26. e4 fxe4 27. fxe4 Nf6
28. Nf4 Qd6 29. Rcd1 Nh5 30. Neg6 Bxg6 31. Nxg6 Ree8 32. Qe2 Nxg3 33. hxg3
Qxg3+ 34. Qg2 Qxg2+ 35. Kxg2 Kh7 36. Ne5 Re7 37. Kf3 h5 38. Rh1 Kh6 39. Rdg1
Rf8+ 40. Ke3 g5 41. Rxh5+ {.} 1-0

[Event "Open Oberwart  2001"]
[Site "Oberwart (Burgenland/Austria)"]
[Date "2001.07.10"]
[Round "4"]
[White "Amann, Guenter"]
[Black "Cosic, Radoslav"]
[Result "1-0"]
[WhiteElo "2267"]
[BlackElo "2099"]
[PlyCount "95"]
[EventDate "2001.07.10"]

1. Nf3 g6 2. d4 Bg7 3. c4 d6 4. Nc3 Nd7 5. g3 c6 6. Bg2 e6 7. O-O Ne7 8. Ne4
Nf6 9. Bh6 Bxh6 10. Nxf6+ Kf8 11. c5 d5 12. Ng4 Bg7 13. Nge5 h6 14. b4 f6 15.
Nd3 g5 16. a4 Bd7 17. e3 Kg8 18. Qc2 Qe8 19. Rfb1 Ng6 20. Nd2 h5 21. e4 g4 22.
b5 f5 23. bxc6 bxc6 24. exf5 exf5 25. Re1 Qb8 26. Rab1 Qc7 27. Qb2 h4 28. Qb7
Qd8 29. Ne5 Nxe5 30. dxe5 hxg3 31. hxg3 Rh6 32. Nc4 Re6 33. Ne3 Rxe5 34. Nxd5 {
} 34... Kh8 35. Rxe5 Bxe5 36. Ne7 Rb8 37. Ng6+ Kg8 38. Bd5+ Kh7 39. Nxe5 Rxb7
40. Rxb7 Qa5 41. Rxd7+ Kh6 42. Nxc6 Qxa4 43. Rd6+ Kg5 44. Nd8 f4 45. Ne6+ Kf5
46. Nxf4 Qa3 47. Re6 Kg5 48. Be4 1-0

[Event "Open Oberwart  2001"]
[Site "Oberwart (Burgenland/Austria)"]
[Date "2001.07.10"]
[Round "4"]
[White "Somogyi, Juergen"]
[Black "Deutsch, Ludwig"]
[Result "0-1"]
[WhiteElo "2114"]
[BlackElo "2266"]
[PlyCount "84"]
[EventDate "2001.07.10"]

1. Nf3 c5 2. c4 Nc6 3. Nc3 g6 4. e3 Bg7 5. d4 cxd4 6. exd4 d6 7. Be2 Nf6 8. O-O
O-O 9. Bg5 h6 10. Be3 Ng4 11. Bc1 e5 12. dxe5 dxe5 13. h3 Nf6 14. Be3 Be6 15.
Qxd8 Rfxd8 16. Rfd1 Ne8 17. Rac1 f5 18. Bc5 e4 19. Ne1 b6 20. Be3 g5 21. g3 Nd4
22. Bf1 22... Be5 { } 23. Bxd4 Bxd4 24. Nc2 Bxc3 25. bxc3 Rxd1 26. Rxd1 Rc8 27.
Na3 Kf7 28. Nb5 a6 29. Nd6+ Nxd6 30. Rxd6 Rb8 31. a3 Ke7 32. Rd4 a5 33. Be2 Rc8
34. Kg2 Rc6 35. Kf1 Kf6 36. Kg2 Ke5 37. Rd8 Bxc4 38. Bxc4 Rxc4 39. Rb8 Rc6 40.
Kf1 f4 41. Ke2 fxg3 42. fxg3 Rxc3 0-1

[Event "Open Oberwart  2001"]
[Site "Oberwart (Burgenland/Austria)"]
[Date "2001.07.11"]
[Round "5"]
[White "Gleizerov, Evgeny"]
[Black "Zelcic, Robert"]
[Result "1/2-1/2"]
[WhiteElo "2587"]
[BlackElo "2534"]
[PlyCount "95"]
[EventDate "2001.07.11"]

1. d4 Nf6 2. c4 e6 3. g3 Bb4+ 4. Bd2 a5 5. Bg2 d5 6. Nf3 Nc6 7. a3 Be7 8. Qc2
Ne4 9. O-O O-O 10. Rd1 a4 11. Be1 Na5 12. Nbd2 Nxd2 13. Nxd2 Nc6 14. Nb1 Bf6
15. e3 dxc4 16. Qxc4 Bd7 17. Qc2 Na5 18. Bxa5 Rxa5 19. Bxb7 Qb8 20. Be4 g6 21.
Nd2 c5 22. Nc4 Rb5 23. d5 exd5 24. Bxd5 24... Rb3 { } 25. Nd6 Rxb2 26. Qc4 Rb6
27. Nxf7 Kg7 28. h4 Bxa1 29. Rxa1 Rb1+ 30. Kg2 Rxf7 31. Rxb1 Qxb1 32. Bxf7 Bb5
33. Qf4 Bc6+ 34. f3 Qc2+ 35. Kh3 Qf5+ 36. Qxf5 gxf5 37. Bc4 Bxf3 38. Kh2 Kf6
39. Kg1 Ke5 40. Kf2 Ke4 41. Bb5 Bd1 42. Ke1 Bb3 43. Ke2 h6 44. Bc6+ Ke5 45. Kd2
Kd6 46. Bb5 Ke5 47. Bc6 Kd6 48. Bb5 {.} 1/2-1/2

[Event "Open Oberwart  2001"]
[Site "Oberwart (Burgenland/Austria)"]
[Date "2001.07.11"]
[Round "5"]
[White "Krivoshey, Sergei"]
[Black "Ulibin, Mikhail"]
[Result "1/2-1/2"]
[WhiteElo "2449"]
[BlackElo "2583"]
[PlyCount "29"]
[EventDate "2001.07.11"]

1. Nf3 c5 2. c4 Nf6 3. Nc3 e6 4. g3 b6 5. Bg2 Bb7 6. O-O Be7 7. Re1 d5 8. cxd5
exd5 9. d4 O-O 10. Bf4 Na6 11. dxc5 Bxc5 12. Be5 Ne4 13. Bd4 Re8 14. Rc1 Bf8
15. e3 {.} 1/2-1/2